书目信息 |
| 题名: |
定位与发展
|
|
| 作者: | 孙进 主编 | |
| 分册: | ||
| 出版信息: | 济南 山东教育出版社 2015 |
|
| 页数: | 774页 | |
| 开本: | 24cm | |
| 丛书名: | 中国比较教育研究50年 | |
| 单 册: | ||
| 中图分类: | G40-059.3 | |
| 科图分类: | ||
| 主题词: | 比较教育学--bi jiao jiao yu xue | |
| 电子资源: | ||
| ISBN: | 978-7-5328-9162-7 | |
| 000 | 01119nam 2200289 450 | |
| 001 | 012001002785 | |
| 005 | 20131031080754.0 | |
| 010 | @a978-7-5328-9162-7@dCNY89.00 | |
| 099 | @aCAL 012016022085 | |
| 100 | @a20160122d2015 em y0chiy50 ea | |
| 101 | 0 | @achi |
| 102 | @aCN@b370000 | |
| 105 | @aak a 000yy | |
| 106 | @ar | |
| 200 | 1 | @a定位与发展@Ading wei yu fa zhan@e比较教育的理论、方法与范式@f主编孙进 |
| 210 | @a济南@c山东教育出版社@d2015 | |
| 215 | @a774页@c图@d24cm | |
| 225 | 2 | @a中国比较教育研究50年@Azhong guo bi jiao jiao yu yan jiu 50nian |
| 320 | @a有书目 | |
| 330 | @a本书主要内容包括: 比较教育的历史发展; 比较教育的学科定位; 比较教育的学科关系; 比较教育的学科危机; 比较教育研究的理论; 比较教育研究的方法与方法论; 比较教育研究的范式; 比较教育在新时代的使命、挑战与发展。 | |
| 410 | 0 | @12001@a中国比较教育研究50年 |
| 517 | 1 | @a比较教育的理论、方法与范式@Abi jiao jiao yu de li lun 、fang fa yu fan shi |
| 606 | 0 | @a比较教育学@Abi jiao jiao yu xue |
| 690 | @aG40-059.3@v5 | |
| 701 | 0 | @a孙进@Asun jin@4主编 |
| 801 | 2 | @aCN@b江苏凤凰@c20191020 |
| 905 | @b1230620-3@dG40-059.3@e1034@f4 | |
| 定位与发展:比较教育的理论、方法与范式/主编孙进.-济南:山东教育出版社,2015 |
| 774页:图;24cm.-(中国比较教育研究50年) |
| ISBN 978-7-5328-9162-7:CNY89.00 |
| 本书主要内容包括: 比较教育的历史发展; 比较教育的学科定位; 比较教育的学科关系; 比较教育的学科危机; 比较教育研究的理论; 比较教育研究的方法与方法论; 比较教育研究的范式; 比较教育在新时代的使命、挑战与发展。 |
| ● |
| 相关链接 |
|
|
|
|
正题名:定位与发展
索取号:G40-059.3/1034
 
预约/预借
| 序号 | 登录号 | 条形码 | 馆藏地/架位号 | 状态 | 备注 |
| 1 | 1230620 | 212306208 | 第一样本阅览室/ [索取号:G40-059.3/1034] | 在馆 | |
| 2 | 1230621 | 212306217 | 教育系资料室/ [索取号:G40-059.3/1034] | 在馆 | |
| 3 | 1230622 | 212306226 | 教育系资料室/ [索取号:G40-059.3/1034] | 在馆 | |
| 4 | 1230623 | 212306235 | 第四借阅区/ [索取号:G40-059.3/1034] | 在馆 |